000 00944nam a2200205Ia 4500
008 0000002006 sp ad 0000000000spa00
090 _aPSP00 V38p
100 1 _aVinatea, Eduardo
245 1 0 _aPablo Sycet
_b: corazonadas, pinturas 19812006
_c/ textos de Eduardo Vinatea y Pablo Sycet ; fotografías Luis Jurado y José Lamarca
300 _a96 p.
_c/ 23 cm. + 1 CD
500 _aExposición realizada en el Ayuntamiento de Alcorcón, Madrid, España en 2008 \ Incluye datos biográficos y cronología artística \ El CD acompañante consultarlo con la clasificación:
600 0 0 _a SYCET, PABLO, 1953/
_xTRABAJOS PICTORICOS
650 1 4 _a PINTURA ESPAÑOLA
650 1 4 _aARTE CONTEMPORANEO ESPAÑOL
650 1 4 _aARTISTAS PLASTICOS ESPAÑOLES
650 1 4 _xCATALOGOS
650 1 4 _xEXPOSICIONES
700 1 _aSycet, Pablo, 1953
999 _c15503
_d15503
260 _aMadrid : Centro Municipal de las Artes, Ayuntamiento de Alcorcón
_c2006